Filosofía crítica (Record no. 147181)

MARC details
000 -LEADER
campo de control de longitud fija 00738nam a2200217 i 4500
001 - NÚMERO DE CONTROL
campo de control 147181
003 - IDENTIFICADOR DE NÚMERO DE CONTROL
campo de control ES-MaACL
005 - FECHA Y HORA DE LA ÚLTIMA TRANSACCIÓN
campo de control 20260115175630.0
007 - CAMPO FIJO DE DESCRIPCIÓN FÍSICA--INFORMACIÓN GENERAL
campo de control de longitud fija t|
008 - DATOS DE LONGITUD FIJA--INFORMACIÓN GENERAL
campo de control de longitud fija 070924s1918 sp ||||1| cat d
100 1# - ENTRADA PRINCIPAL--NOMBRE DE PERSONA
Nombre de persona Turró, Ramón,
Fechas asociadas al nombre 1854-1926
9 (RLIN) 111758
245 10 - MENCIÓN DEL TÍTULO
Título Filosofía crítica
Resto del título : curset donat a L'Institut d'Estudis Catalans l'any 1917 /
Mención de responsabilidad, etc. per Ramón Turró.
260 ## - PUBLICACIÓN, DISTRIBUCIÓN, ETC.
Lugar de publicación, distribución, etc. Barcelona :
Nombre del editor, distribuidor, etc. Edit. Catalana,
Fecha de publicación, distribución, etc. 1918.
300 ## - DESCRIPCIÓN FÍSICA
Extensión 241 p. ;
Dimensiones 16 cm.
490 1# - MENCIÓN DE SERIE
Mención de serie Enciclopedia Catalana ;
Designación de volumen o secuencia 4
500 ## - NOTA GENERAL
Materiales especificados Precede al tít.: Societa de Biología Catalana
710 2# - ENTRADA AGREGADA--NOMBRE DE ENTIDAD CORPORATIVA
Nombre de entidad corporativa o nombre de jurisdicción como elemento de entrada Societat de Biología Catalana.
9 (RLIN) 6827
830 0# - PUNTO DE ACCESO ADICIONAL DE SERIE-TÍTULO UNIFORME
Título uniforme Enciclopedia Catalana
Designación de volumen o secuencia 4
9 (RLIN) 181584
852 ## - LOCALIZACIÓN
Ubicación ES-MaACL
Número de control de estantería B-13263
Holdings
Estatus retirado Estado de pérdida Estado de daño No para préstamo Biblioteca de origen Biblioteca actual Ubicación en estantería Fecha de adquisición Fuente de adquisición Total de préstamos Signatura topográfica completa Código de barras Visto por última vez Precio de reemplazo Tipo de ítem Koha
        Biblioteca del Ateneo de Madrid Biblioteca del Ateneo de Madrid Sala Pardo Bazán 17/01/2008     B-13263 1153596 23/02/2023 23/02/2023 Libro impreso